<?xml version="1.0" encoding="UTF-8"?><?xml-stylesheet type="text/xsl" href="static/style.xsl"?><OAI-PMH xmlns="http://www.openarchives.org/OAI/2.0/" xmlns:xsi="http://www.w3.org/2001/XMLSchema-instance" xsi:schemaLocation="http://www.openarchives.org/OAI/2.0/ http://www.openarchives.org/OAI/2.0/OAI-PMH.xsd"><responseDate>2026-04-13T06:01:10Z</responseDate><request verb="GetRecord" identifier="oai:www.recercat.cat:11351/12127" metadataPrefix="marc">https://recercat.cat/oai/request</request><GetRecord><record><header><identifier>oai:recercat.cat:11351/12127</identifier><datestamp>2025-10-24T10:18:23Z</datestamp><setSpec>com_2072_378070</setSpec><setSpec>com_2072_378040</setSpec><setSpec>col_2072_378092</setSpec></header><metadata><record xmlns="http://www.loc.gov/MARC21/slim" xmlns:dcterms="http://purl.org/dc/terms/" xmlns:xsi="http://www.w3.org/2001/XMLSchema-instance" xmlns:doc="http://www.lyncode.com/xoai" xsi:schemaLocation="http://www.loc.gov/MARC21/slim http://www.loc.gov/standards/marcxml/schema/MARC21slim.xsd">
   <leader>00925njm 22002777a 4500</leader>
   <datafield ind2=" " ind1=" " tag="042">
      <subfield code="a">dc</subfield>
   </datafield>
   <datafield ind2=" " ind1=" " tag="720">
      <subfield code="a">Fierens, Liselotte</subfield>
      <subfield code="e">author</subfield>
   </datafield>
   <datafield ind2=" " ind1=" " tag="720">
      <subfield code="a">Carney, Nicholas</subfield>
      <subfield code="e">author</subfield>
   </datafield>
   <datafield ind2=" " ind1=" " tag="720">
      <subfield code="a">Novacek, Gottfried</subfield>
      <subfield code="e">author</subfield>
   </datafield>
   <datafield ind2=" " ind1=" " tag="720">
      <subfield code="a">van der Woude, C Janneke</subfield>
      <subfield code="e">author</subfield>
   </datafield>
   <datafield ind2=" " ind1=" " tag="720">
      <subfield code="a">Siegmund, Britta</subfield>
      <subfield code="e">author</subfield>
   </datafield>
   <datafield ind2=" " ind1=" " tag="720">
      <subfield code="a">Casellas, Francesc</subfield>
      <subfield code="e">author</subfield>
   </datafield>
   <datafield ind2=" " ind1=" " tag="720">
      <subfield code="a">BORRUEL, NATALIA</subfield>
      <subfield code="e">author</subfield>
   </datafield>
   <datafield ind2=" " ind1=" " tag="260">
      <subfield code="c">2024-10-25T09:20:53Z</subfield>
   </datafield>
   <datafield ind2=" " ind1=" " tag="260">
      <subfield code="c">2024-10-25T09:20:53Z</subfield>
   </datafield>
   <datafield ind2=" " ind1=" " tag="260">
      <subfield code="c">2024-10</subfield>
   </datafield>
   <datafield ind2=" " ind1=" " tag="520">
      <subfield code="a">Quality of life; Socioeconomical and psychological end points</subfield>
   </datafield>
   <datafield ind2=" " ind1=" " tag="520">
      <subfield code="a">Qualitat de vida; Aspectes socioeconòmics i psicològics</subfield>
   </datafield>
   <datafield ind2=" " ind1=" " tag="520">
      <subfield code="a">Calidad de vida; Aspectos socioeconómicos y psicológicos</subfield>
   </datafield>
   <datafield ind2=" " ind1=" " tag="520">
      <subfield code="a">Background and Aims&#xd;
Standardising health outcome measurements supports delivery of care and enables data-driven learning systems and secondary data use for research. As part of the Health Outcomes Observatory [H2O] initiative, and building on existing knowledge, a core outcome set [COS] for inflammatory bowel diseases [IBD] was defined through an international modified Delphi method.&#xd;
Methods&#xd;
Stakeholders rated 90 variables on a 9-point importance scale twice, allowing score modification based on feedback displayed per stakeholder group. Two consecutive consensus meetings were held to discuss results and formulate recommendations for measurement in clinical practice. Variables scoring 7 or higher by ≥80% of the participants, or based on consensus meeting agreement, were included in the final set.&#xd;
Results&#xd;
In total, 136 stakeholders (45 IBD patients [advocates], 74 health care professionals/researchers, 13 industry representatives, and four regulators) from 20 different countries participated. The final set includes 18 case-mix variables, three biomarkers [haemoglobin to detect anaemia, C-reactive protein and faecal calprotectin to detect inflammation] for completeness, and 28 outcomes (including 16 patient-reported outcomes [PROs] and one patient-reported experience). The PRO-2 and IBD-Control questionnaires were recommended to collect disease-specific PROs at every contact with an IBD practitioner, and the Subjective Health Experience model questionnaire, PROMIS Global Health and Self-Efficacy short form, to collect generic PROs annually.&#xd;
Conclusions&#xd;
A COS for IBD, including a recommendation for use in clinical practice, was defined. Implementation of this set will start in Vienna, Berlin, Barcelona, Leuven, and Rotterdam, empowering patients to better manage their care. Additional centres will follow worldwide.</subfield>
   </datafield>
   <datafield ind2=" " ind1=" " tag="520">
      <subfield code="a">This work was supported by the Innovative Medicines Initiative [IMI] 2 Joint Undertaking [945345-2]. This Joint Undertaking receives support from the European Union’s Horizon 2020 research and innovation programme, the European Federation of Pharmaceutical Industries and Associations [EFPIA], Trial Nation and the Juvenile Diabetes Research Foundation [JDRF]. The public grant funding is matched with in-kind contributions of EFPIA partners. About IMI: the Innovative Medicines Initiative is a partnership between the European Union and the European pharmaceutical industry, represented by EFPIA. It is working to improve health by speeding up the next generation of medicines, particularly in areas with unmet medical or social needs. It works by facilitating collaboration between the key players involved in health research, including universities, research centres, pharmaceutical and other industries, small and medium-sized enterprises [SMEs], patient organisations, and medicines regulators. IMI is the world’s most extensive public-private partnership [PPP] in the life sciences. This manuscript reflects only the authors’ views. The European Union and IMI are not responsible for any use that may be made of the information it contains.</subfield>
   </datafield>
   <datafield ind1="8" ind2=" " tag="024">
      <subfield code="a">http://hdl.handle.net/11351/12127</subfield>
   </datafield>
   <datafield tag="653" ind2=" " ind1=" ">
      <subfield code="a">Intestins - Inflamació - Tractament</subfield>
   </datafield>
   <datafield tag="653" ind2=" " ind1=" ">
      <subfield code="a">Gastroenteritis - Tractament</subfield>
   </datafield>
   <datafield tag="653" ind2=" " ind1=" ">
      <subfield code="a">Avaluació de resultats (Assistència sanitària)</subfield>
   </datafield>
   <datafield tag="653" ind2=" " ind1=" ">
      <subfield code="a">Decisió de grup</subfield>
   </datafield>
   <datafield tag="653" ind2=" " ind1=" ">
      <subfield code="a">PSYCHIATRY AND PSYCHOLOGY::Behavior and Behavior Mechanisms::Psychology, Social::Group Processes::Consensus</subfield>
   </datafield>
   <datafield tag="653" ind2=" " ind1=" ">
      <subfield code="a">DISEASES::Digestive System Diseases::Gastrointestinal Diseases::Gastroenteritis::Inflammatory Bowel Diseases</subfield>
   </datafield>
   <datafield tag="653" ind2=" " ind1=" ">
      <subfield code="a">Other subheadings::Other subheadings::/therapy</subfield>
   </datafield>
   <datafield tag="653" ind2=" " ind1=" ">
      <subfield code="a">HEALTH CARE::Health Services Administration::Quality of Health Care::Outcome and Process Assessment (Health Care)::Outcome Assessment (Health Care)</subfield>
   </datafield>
   <datafield tag="653" ind2=" " ind1=" ">
      <subfield code="a">ANALYTICAL, DIAGNOSTIC AND THERAPEUTIC TECHNIQUES, AND EQUIPMENT::Investigative Techniques::Epidemiologic Methods::Data Collection::Surveys and Questionnaires::Health Care Surveys::Patient Reported Outcome Measures</subfield>
   </datafield>
   <datafield tag="653" ind2=" " ind1=" ">
      <subfield code="a">PSIQUIATRÍA Y PSICOLOGÍA::conducta y mecanismos de la conducta::psicología social::procesos de grupo::consenso</subfield>
   </datafield>
   <datafield tag="653" ind2=" " ind1=" ">
      <subfield code="a">ENFERMEDADES::enfermedades del sistema digestivo::enfermedades gastrointestinales::gastroenteritis::enfermedad inflamatoria intestinal</subfield>
   </datafield>
   <datafield tag="653" ind2=" " ind1=" ">
      <subfield code="a">Otros calificadores::Otros calificadores::/terapia</subfield>
   </datafield>
   <datafield tag="653" ind2=" " ind1=" ">
      <subfield code="a">ATENCIÓN DE SALUD::administración de los servicios de salud::calidad de la atención sanitaria::evaluación de resultados y procesos (atención a la salud)::evaluación del desenlace (asistencia sanitaria)</subfield>
   </datafield>
   <datafield tag="653" ind2=" " ind1=" ">
      <subfield code="a">TÉCNICAS Y EQUIPOS ANALÍTICOS, DIAGNÓSTICOS Y TERAPÉUTICOS::técnicas de investigación::métodos epidemiológicos::recopilación de datos::encuestas y cuestionarios::encuestas sobre atención a la salud::medidas de resultados percibidos por los pacientes</subfield>
   </datafield>
   <datafield ind2="0" ind1="0" tag="245">
      <subfield code="a">A Core Outcome Set for Inflammatory Bowel Diseases: Development and Recommendations for Implementation in Clinical Practice Through an International Multi-stakeholder Consensus Process</subfield>
   </datafield>
</record></metadata></record></GetRecord></OAI-PMH>